000
00387nam a2200145Ia 4500
008
100204s9999 xx 000 0 und d
082
_b
16537
100
_a
महाबळ अनिल
245
_a
पक्षी
260
_b
"जयदीप प्रकाशन, पुणे"
300
_a
30
630
_a
पक्षी
730
_a
पक्षी
942
_c
BOOK
999
_c
460960
_d
460957